| 000 | 00608cam a2200205 a 4500 | ||
|---|---|---|---|
| 001 | 000018207 | ||
| 003 | DO-SdBNP | ||
| 005 | 20250702093652.0 | ||
| 008 | 750828s1950 nyu 000 1 eng d | ||
| 040 |
_aDO-SdBNP _beng _cLC _dBNPHU |
||
| 049 | _aBNGR | ||
| 050 | 0 | 0 |
_aPZ3.B6203 _bDar _aPS3503.L713 |
| 082 |
_ann* _bB649d |
||
| 100 | 1 |
_aBlizard, Marie. _939427 |
|
| 245 | 1 | 4 |
_aThe dark corner : _ba mystery story / _cMarie Blizard. |
| 260 |
_aNew York : _bThe M.S. Mill Co. and William Morrow & Company, _c1950. |
||
| 300 |
_a249 p. ; _c20 cm. |
||
| 910 | _aCatalogación por copia / LC | ||
| 942 |
_2ddc _cLBS1 |
||
| 999 |
_c17728 _d17728 |
||